| 000 | 01277nam a22002891i 4500 | ||
|---|---|---|---|
| 003 | SA-RiAUC | ||
| 005 | 20250428071834.0 | ||
| 008 | 250428s1883 ua g 00010 ara c | ||
| 040 |
_aSA-JeALM _bara _cSA-RiAUC _erda |
||
| 082 | 0 | 4 | _a259.1 |
| 090 |
_aن 259.1 _b ا ب ن ع |
||
| 100 | 1 |
_aابن عابدين، محمد أمين بن عمر، _d1198-1252 هجري _eمؤلف. |
|
| 245 | 1 | 2 |
_aالعقود الدرية في تنقيح الفتاوى الحامدية / _cتأليف محمد أمين بن عابدين. |
| 250 | _aالطبعة الثانية. | ||
| 264 | 1 |
_aبيروت : _bدار المعرفة، _c1883 |
|
| 300 |
_a2 مجلد ؛ _c32 سم |
||
| 336 |
_aنص _btxt _2rdacontent _3كتاب |
||
| 337 |
_aبدون وسيط _bn _2rdamedia |
||
| 338 |
_aمجلد _bnc _2rdacarrier |
||
| 650 | 7 |
_aالفقه الحنفي _2aucsh |
|
| 700 | 1 | 2 |
_aالعمادي، حامد بن علي بن إبراهيم، _d1103-1171 هجري _tالفتاوى الحامدية. |
| 700 | 1 | 2 |
_aالرملي، خير الدين بن أحمد بن علي، _d993-1081 هجري _tالفتاوى الخيرية. |
| 740 | 2 | 2 | _aالفتاوى الحامدية. |
| 740 | 2 | 2 | _aالفتاوى الخيرية. |
| 942 |
_2ddc _cRARE BOOK _n0 |
||
| 949 |
_aSA-JeALM _d250428 _umohamedma123 _n1 |
||
| 999 |
_c7423 _d7423 |
||